| 000 | 00866cam a2200253u 4500 | ||
|---|---|---|---|
| 001 | 24165 | ||
| 003 | BD-RjUL | ||
| 005 | 20211209001021.0 | ||
| 008 | 140312s1934 enkch 000 0beng d | ||
| 035 | _a(BD-RjUL) 24231 | ||
| 040 |
_aDLC _cCarP _dDLC _dBD-RjUL _beng |
||
| 041 | _aeng | ||
| 082 | 0 | 0 |
_a824.6 _bBOB V-3 1934 |
| 100 | 1 |
_aBoswell, James, _d1740-1795. _974446 |
|
| 245 | 0 | 0 |
_aBoswell's Life of Johnson : _bTogether With Boswells Journal of a Tour to the Herriders / _nVolume III : _pThe Life 1776-1780 |
| 260 |
_aLondon : _bOxford university press, _cc1934 |
||
| 300 |
_a541p. : _bfronts. (ports.) 2 facsim. (1 double.) ; _c19 cm. |
||
| 600 | 1 | 0 |
_aJohnson, Samuel, _d1709-1784. _974546 |
| 700 | 1 |
_aTinker, Chauncey Brewster, _d1876-1963. _955530 |
|
| 700 | 1 |
_aPowel, L. F _974448 |
|
| 942 |
_2ddc _cBK |
||
| 999 |
_c24165 _d24165 |
||